<?xml version="1.0" encoding="UTF-8"?><?xml-stylesheet type="text/xsl" href="static/style.xsl"?><OAI-PMH xmlns="http://www.openarchives.org/OAI/2.0/" xmlns:xsi="http://www.w3.org/2001/XMLSchema-instance" xsi:schemaLocation="http://www.openarchives.org/OAI/2.0/ http://www.openarchives.org/OAI/2.0/OAI-PMH.xsd"><responseDate>2026-04-29T22:57:37Z</responseDate><request verb="GetRecord" identifier="oai:repisalud.isciii.es:20.500.12105/4857" metadataPrefix="marc">https://repisalud.isciii.es/rest/oai/request</request><GetRecord><record><header><identifier>oai:repisalud.isciii.es:20.500.12105/4857</identifier><datestamp>2024-11-14T21:04:27Z</datestamp><setSpec>com_20.500.12105_2052</setSpec><setSpec>com_20.500.12105_2051</setSpec><setSpec>col_20.500.12105_19609</setSpec></header><metadata><record xmlns="http://www.loc.gov/MARC21/slim" xmlns:dcterms="http://purl.org/dc/terms/" xmlns:doc="http://www.lyncode.com/xoai" xmlns:xsi="http://www.w3.org/2001/XMLSchema-instance" xsi:schemaLocation="http://www.loc.gov/MARC21/slim http://www.loc.gov/standards/marcxml/schema/MARC21slim.xsd">
   <leader>00925njm 22002777a 4500</leader>
   <datafield ind2=" " ind1=" " tag="042">
      <subfield code="a">dc</subfield>
   </datafield>
   <datafield ind2=" " ind1=" " tag="720">
      <subfield code="a">Salvador, Fernando</subfield>
      <subfield code="e">author</subfield>
   </datafield>
   <datafield ind2=" " ind1=" " tag="720">
      <subfield code="a">Sulleiro, Elena</subfield>
      <subfield code="e">author</subfield>
   </datafield>
   <datafield ind2=" " ind1=" " tag="720">
      <subfield code="a">Sánchez-Montalvá, Adrián</subfield>
      <subfield code="e">author</subfield>
   </datafield>
   <datafield ind2=" " ind1=" " tag="720">
      <subfield code="a">Alonso, Carmen</subfield>
      <subfield code="e">author</subfield>
   </datafield>
   <datafield ind2=" " ind1=" " tag="720">
      <subfield code="a">Santos, Javier</subfield>
      <subfield code="e">author</subfield>
   </datafield>
   <datafield ind2=" " ind1=" " tag="720">
      <subfield code="a">Fuentes Corripio, Isabel</subfield>
      <subfield code="e">author</subfield>
   </datafield>
   <datafield ind2=" " ind1=" " tag="720">
      <subfield code="a">Molina, Israel</subfield>
      <subfield code="e">author</subfield>
   </datafield>
   <datafield ind2=" " ind1=" " tag="260">
      <subfield code="c">2016-10-14</subfield>
   </datafield>
   <datafield ind2=" " ind1=" " tag="520">
      <subfield code="a">Background: Blastocystis spp. are among the most frequently observed intestinal parasites in humans. Despite the&#xd;
discovery of Blastocystis approximately 100 years ago, limited information is available regarding its pathogenesis,&#xd;
genetic diversity, and available treatment options. The aim of this study was to describe the epidemiological and&#xd;
clinical characteristics of patients with Blastocystis sp. infections diagnosed at Vall d’Hebron University Hospital&#xd;
(Barcelona, Spain).&#xd;
Methods: A retrospective observational study was performed which included all adult patients who attended Vall&#xd;
d’Hebron University Hospital from February 2009 to March 2014 that had Blastocystis sp. detected in their stool.&#xd;
Results: Four hundred eighteen patients were included, the median age was 36 (18–86) years and 236 (56.5 %)&#xd;
were men. Regarding patient symptoms, 234 (56 %) patients were completely asymptomatic, 92 (22 %) patients&#xd;
had symptoms, and 92 (22 %) patients had symptoms that could be attributed to other causes. Of the 92 patients&#xd;
with symptoms not attributable to other etiologies except for Blastocystis infection, the most frequent symptoms&#xd;
were diarrhea (61 patients, 66.3 %) and abdominal pain (34 patients, 37 %). Additionally, nine (9.8 %) patients had&#xd;
cutaneous manifestations. Thirty-one (7.4 %) patients received specific treatment for Blastocystis infection. The&#xd;
clinical response of treated patients was varied. Five patients experienced complete resolution of symptoms, 12&#xd;
patients reported improvement of clinical symptoms, eight patients described no clinical improvement, and&#xd;
information was unavailable for six patients.&#xd;
Conclusions: Blastocystis infection was detected in 418 patients, most of them foreign-born. Although the vast&#xd;
majority of patients were asymptomatic, 22 % of patients had gastrointestinal symptoms or cutaneous manifestations&#xd;
in the absence of other causes. Despite the scarce information available, given the safety of antiparasitic treatment, and&#xd;
the percentage of patients who experienced resolution or improvement of symptoms, treatment should be considered&#xd;
in patients with chronic symptoms.</subfield>
   </datafield>
   <datafield ind1="8" ind2=" " tag="024">
      <subfield code="a">Parasit Vectors. 2016; 9 (1):548</subfield>
   </datafield>
   <datafield ind1="8" ind2=" " tag="024">
      <subfield code="a">10.1186/s13071-016-1827-4</subfield>
   </datafield>
   <datafield ind1="8" ind2=" " tag="024">
      <subfield code="a">1756-3305</subfield>
   </datafield>
   <datafield ind1="8" ind2=" " tag="024">
      <subfield code="a">Parasites &amp; Vectors</subfield>
   </datafield>
   <datafield ind1="8" ind2=" " tag="024">
      <subfield code="a">27741951</subfield>
   </datafield>
   <datafield ind1="8" ind2=" " tag="024">
      <subfield code="a">http://hdl.handle.net/20.500.12105/4857</subfield>
   </datafield>
   <datafield tag="653" ind2=" " ind1=" ">
      <subfield code="a">Blastocystis</subfield>
   </datafield>
   <datafield tag="653" ind2=" " ind1=" ">
      <subfield code="a">Intestinal protozoa</subfield>
   </datafield>
   <datafield tag="653" ind2=" " ind1=" ">
      <subfield code="a">Gastrointestinal symptoms</subfield>
   </datafield>
   <datafield tag="653" ind2=" " ind1=" ">
      <subfield code="a">Metronidazole</subfield>
   </datafield>
   <datafield ind2="0" ind1="0" tag="245">
      <subfield code="a">Epidemiological and clinical profile of adult patients with Blastocystis sp. infection in Barcelona, Spain</subfield>
   </datafield>
</record></metadata></record></GetRecord></OAI-PMH>